
Library Catalogue

| 000 -LEADER | |
|---|---|
| fixed length control field | 01296cam a22002414i 4500 |
| 001 - CONTROL NUMBER | |
| control field | 19064075 |
| 005 - DATE AND TIME OF LATEST TRANSACTION | |
| control field | 20260121051905.0 |
| 008 - FIXED-LENGTH DATA ELEMENTS--GENERAL INFORMATION | |
| fixed length control field | 160422s2016 nyu b 001 0 eng |
| 010 ## - LIBRARY OF CONGRESS CONTROL NUMBER | |
| LC control number | 2016017051 |
| 020 ## - INTERNATIONAL STANDARD BOOK NUMBER | |
| International Standard Book Number | 9781479831180 |
| Qualifying information | (pbk.) |
| 082 ## - DEWEY DECIMAL CLASSIFICATION NUMBER | |
| Classification number | 325.73 MAC |
| 100 1# - MAIN ENTRY--PERSONAL NAME | |
| Personal name | Macías-Rojas, Patrisia |
| 245 10 - TITLE STATEMENT | |
| Title | From deportation to prison : |
| Remainder of title | the politics of immigration enforcement in post-civil rights America / |
| Statement of responsibility, etc. | Patrisia Macøas-Rojas. |
| 264 #1 - PRODUCTION, PUBLICATION, DISTRIBUTION, MANUFACTURE, AND COPYRIGHT NOTICE | |
| Place of production, publication, distribution, manufacture | New York : |
| Name of producer, publisher, distributor, manufacturer | New York University, |
| Date of production, publication, distribution, manufacture, or copyright notice | 2016. |
| 300 ## - PHYSICAL DESCRIPTION | |
| Extent | xi, 233 p. ; |
| Dimensions | 23 cm. |
| 490 0# - SERIES STATEMENT | |
| Series statement | Latina/o sociology series. |
| 505 0# - FORMATTED CONTENTS NOTE | |
| Formatted contents note | Introduction -- The post/civil rights borderland : the Arizona-Sonora border -- Beds and biometrics : the legacy of the criminal alien program -- Protectors and prosecutors : humanitarianism and security -- Victims and culprits : deportation as a pipeline to prison -- The citizen and the criminal : the overreach of immigration enforcement -- A new enforcement terrain : criminal justice reforms and border security -- Notes -- References -- Index |
| 650 #0 - SUBJECT ADDED ENTRY--TOPICAL TERM | |
| Topical term or geographic name entry element | Immigration |
| General subdivision | Government policy |
| Geographic subdivision | United States. |
| 650 #0 - SUBJECT ADDED ENTRY--TOPICAL TERM | |
| Topical term or geographic name entry element | Immigration enforcement |
| Geographic subdivision | United States. |
| 650 #0 - SUBJECT ADDED ENTRY--TOPICAL TERM | |
| Topical term or geographic name entry element | Mexican-American Border Region. |
| 650 #0 - SUBJECT ADDED ENTRY--TOPICAL TERM | |
| Topical term or geographic name entry element | Criminal justice, Administration of |
| Geographic subdivision | United States. |
| 942 ## - ADDED ENTRY ELEMENTS (KOHA) | |
| Source of classification or shelving scheme | Dewey Decimal Classification |
| Koha item type | BOOKs |
| Withdrawn status | Lost status | Damaged status | Not for loan | Collection code | Home library | Current library | Shelving location | Date acquired | Cost, normal purchase price | Total Checkouts | Full call number | Barcode | Date last seen | Price effective from | Koha item type |
|---|---|---|---|---|---|---|---|---|---|---|---|---|---|---|---|
| . | . | 05.11.2018 | 0.00 | 325.73 MAC | 35308 | 05.11.2018 | 05.11.2018 | BOOKs |